Cometierra / (Registro nro. 784)
[ vista simple ]
| 000 -LEADER | |
|---|---|
| fixed length control field | 01429nam a22002411a 4500 |
| 003 - CONTROL NUMBER IDENTIFIER | |
| control field | AR-RoUNCS |
| 005 - DATE AND TIME OF LATEST TRANSACTION | |
| control field | 20260309105826.0 |
| 007 - PHYSICAL DESCRIPTION FIXED FIELD--GENERAL INFORMATION | |
| fixed length control field | ta |
| 008 - FIXED-LENGTH DATA ELEMENTS--GENERAL INFORMATION | |
| fixed length control field | 071009s2025 sp |||||||||||||| ||spa |
| 020 ## - INTERNATIONAL STANDARD BOOK NUMBER | |
| International Standard Book Number | 978-987-4063-65-6 |
| 040 ## - CATALOGING SOURCE | |
| Original cataloging agency | AR-BaBN |
| Language of cataloging | spa |
| Transcribing agency | AR-RoUNCS |
| Description conventions | aacr |
| 080 ## - UNIVERSAL DECIMAL CLASSIFICATION NUMBER | |
| Authority record control number or standard number | 82-32(82) |
| 100 1# - MAIN ENTRY--PERSONAL NAME | |
| Personal name | Reyes, Dolores, |
| Dates associated with a name | 1978- |
| Relator term | autor |
| 245 10 - TITLE STATEMENT | |
| Title | Cometierra / |
| Statement of responsibility, etc. | Dolores Reyes. |
| 250 ## - EDITION STATEMENT | |
| Edition statement | 1a ed, 18a reimp. |
| 260 ## - PUBLICATION, DISTRIBUTION, ETC. | |
| Place of publication, distribution, etc. | Ciudad Autónoma de Buenos Aires : |
| Name of publisher, distributor, etc. | Sigilo, |
| Date of publication, distribution, etc. | 2025. |
| 300 ## - PHYSICAL DESCRIPTION | |
| Extent | 176 p. ; |
| Dimensions | 22 cm. |
| 520 3# - SUMMARY, ETC. | |
| Summary, etc. | Cuando era chica, Cometierra tragó tierra y supo en una visión que su papá había matado a golpes a su mamá. Esa fue solo la primera de las visiones. Nacer con un don implica una responsabilidad hacia los otros y a Cometierra le tocó uno que hace su vida totalmente difícil, porque vive en un barrio donde la violencia, el desamparo y la injusticia brotan de cada rincón y porque allí las principales víctimas son las mujeres. En la persecución de la verdad, en el descubrimineto del amor, en el cuidado entre hermanos, Cometierra buscará su propio camino. <br/>Dolores Reyes ha escrito una primera novela terrible y luminosa, lírica, dulce y brutal, narrada con una voz que nos comueve desde la primera página. (Notas del editor). |
| 521 1# - TARGET AUDIENCE NOTE | |
| Target audience note | Edad sugerida desde los 15 años. |
| 650 #7 - SUBJECT ADDED ENTRY--TOPICAL TERM | |
| Source of heading or term | embne |
| Topical term or geographic name entry element | LITERATURA ARGENTINA |
| Chronological subdivision | SIGLO XXI |
| 655 #7 - INDEX TERM--GENRE/FORM | |
| Source of term | embne |
| Genre/form data or focus term | NOVELAS CORTAS |
| 942 ## - ADDED ENTRY ELEMENTS (KOHA) | |
| Source of classification or shelving scheme | Universal Decimal Classification |
| Koha item type | Libro de préstamo a domicilio |
| Suppress in OPAC | No |
| Withdrawn status | Lost status | Source of classification or shelving scheme | Damaged status | Not for loan | Collection | Home library | Current library | Date acquired | Source of acquisition | Total checkouts | Full call number | Barcode | Date last seen | Date last checked out | Price effective from | Koha item type |
|---|---|---|---|---|---|---|---|---|---|---|---|---|---|---|---|---|
| Universal Decimal Classification | Colección General | Biblioteca Escuela de Ciencias Sociales | Biblioteca Escuela de Ciencias Sociales | 26/11/2025 | Compra 2025 | 3 | 82-32(82) R457 | 001493 | 11/05/2026 | 07/05/2026 | 26/11/2025 | Libro de préstamo a domicilio |